130_ Personnalités nées un 10 mai par images - Statistiques

Statistiques générales
  • Ce quiz a été pris 36 fois
  • Le résultat moyen est 3 sur 9
Statistiques - réponses
Par images Hint Réponse % Correct
Chanteuse Aya Nakamura
100%
Rappeur Damso
77%
DJ Bob Sinclar
63%
Patineuse Gabriella Papadakis
37%
Chanteur Oldelaf
26%
Actrice Emmanuelle Devos
20%
Militaire et Compositeur Claude Joseph Rouget de Lisle
14%
Réalisateur Ettore Scola
0%
Acteur Peter Greene
0%
Aucun quiz correspondant
Distribution des résultats
% des personnes avec chaque résultat
Percentile par nombre de réponses
Votre historique - résultats
Vous n’avez pas pris ce quiz